|
|
|
|
| LEADER |
00786nam a2200205Ia 4500 |
| 001 |
CTU_91959 |
| 008 |
210402s9999 xx 000 0 und d |
| 020 |
|
|
|c 48000
|
| 082 |
|
|
|a 428.24
|
| 082 |
|
|
|b Đ104
|
| 245 |
|
0 |
|a Đàm thoại tiếng Anh trong thương mại để phát triển vốn từ :
|
| 245 |
|
4 |
|b The Working week spoken english with a lexical approach
|
| 245 |
|
0 |
|c Anne Watson-Delestrée, Jimmie Hill; Lê Huy Lâm, La Trường Duy dịch và chú giải
|
| 260 |
|
|
|a Tp. Hồ Chí Minh
|
| 260 |
|
|
|b Nxb Tp. Hồ Chí Minh
|
| 260 |
|
|
|c 2002
|
| 650 |
|
|
|a English language,English language
|
| 650 |
|
|
|z Textbooks for foreign speakers,Spoken english
|
| 904 |
|
|
|i Nguyên
|
| 980 |
|
|
|a Trung tâm Học liệu Trường Đại học Cần Thơ
|